Poison Type Pokémon Trivia - Statistics

General Stats
  • This quiz has been taken 27 times
  • The average score is 10 of 20
Answer Stats
Hint Answer % Correct
True/False - Pure Poison types have only ever been introduced in odd numbers generations True
100%
In Gen I, what type was Poison super effective against, but has not been since? Bug
94%
Shortest English name of all Pokémon Muk (tied with Mew)
78%
How many Poison attacks have a chance to cause flinching (without the use of King's Rock, Razor Fang or Stench)? 0
72%
The first partner Pokémon to have each member of it's evolution line appear at least once in the Super Smash Bros. series Bulbasaur
72%
The only type yet to be paired with Poison Ice
61%
The move that Hisuian Qwilfish requires in order to evolve into Overqwil Barb Barrage
56%
The only ability to allow the user to poison a Poison type Corrosion
56%
Lowest base stat total of all Ultra Beasts Poipole
56%
Only Poison type Pokémon have this Ability Liquid Ooze, Stench, Corrosion
50%
The only Pokémon with a base stat total of 502, it's evolution line has a unique type combination, has a Gigantamax form Toxtricity
50%
The name of the epilogue of The Hidden Treasure of Area Zero in Pokémon Scarlet and Violet. Mochi Mayhem
44%
The Team Star Boss specialising in Poison types Atticus
39%
The Poison type that can learn Blizzard, Thunder AND Fire Blast (via TM, TR or level up) Nidoqueen, Nidoking
39%
The heaviest Poison type Eternatus
33%
Ken Sugimori's favorite Pokémon Gengar
33%
First stage Poison type that evolves at the latest level Skrelp
22%
Poison type with the highest Attach stat (not including Mega Beedrill) Sneasler
22%
Guess the move - Power:80 / Accuracy: 100% / PP: 15 (without PP ups) Dire Claw
11%
If a Pokémon holding this Berry is hit with a supereffective Poison type move, the power of that move will be weakened Kebia Berry
6%
No matching quizzes found
Score Distribution
Percent of People with Each Score
Percentile by Number Answered
Your Score History
You have not taken this quiz